000 00561nam a22002177a 4500
003 OSt
005 20140310182908.0
008 130128t xxu||||| |||| 00| 0 eng d
020 _a9789712359224
050 _aHF5718.5
_b.Eg29 2011
082 _aFIL 651.75
_2E29 2011
245 _aWriting business letters
_cEgipto, Joel Joseph L.
260 _aManila
_bRex Bookstore
_cc2005
300 _a286 p.
_c22.1 cm.
521 _acollege students
526 _c1210L-1700L
541 _j1
541 _j2
562 _e2
942 _2lcc
_cBK
_kFIL
999 _c17188
_d17188